|
|
|
|
| LEADER |
02492nam a22005295i 4500 |
| 001 |
978-3-540-74571-6 |
| 003 |
DE-He213 |
| 005 |
20151204165253.0 |
| 007 |
cr nn 008mamaa |
| 008 |
100301s2008 gw | s |||| 0|eng d |
| 020 |
|
|
|a 9783540745716
|9 978-3-540-74571-6
|
| 024 |
7 |
|
|a 10.1007/978-3-540-74571-6
|2 doi
|
| 040 |
|
|
|d GrThAP
|
| 050 |
|
4 |
|a R895-920
|
| 072 |
|
7 |
|a MMPH
|2 bicssc
|
| 072 |
|
7 |
|a MMP
|2 bicssc
|
| 072 |
|
7 |
|a MED008000
|2 bisacsh
|
| 082 |
0 |
4 |
|a 616.0757
|2 23
|
| 100 |
1 |
|
|a Pianykh, Oleg S.
|e author.
|
| 245 |
1 |
0 |
|a Digital Imaging and Communications in Medicine (DICOM)
|h [electronic resource] :
|b A Practical Introduction and Survival Guide /
|c by Oleg S. Pianykh.
|
| 264 |
|
1 |
|a Berlin, Heidelberg :
|b Springer Berlin Heidelberg,
|c 2008.
|
| 300 |
|
|
|a XX, 384 p. 96 illus., 95 illus. in color.
|b online resource.
|
| 336 |
|
|
|a text
|b txt
|2 rdacontent
|
| 337 |
|
|
|a computer
|b c
|2 rdamedia
|
| 338 |
|
|
|a online resource
|b cr
|2 rdacarrier
|
| 347 |
|
|
|a text file
|b PDF
|2 rda
|
| 505 |
0 |
|
|a to DICOM -- What Is DICOM? -- How Does DICOM Work? -- Where Do You Get DICOM from? -- A Brief History of DICOM -- DICOM and Clinical Data -- Parlez-Vous DICOM? -- Medical Images in DICOM -- DICOM Comunications -- DICOM SOPs: Basic -- DICOM SOPs: Beyond Basic -- DICOM Associations -- DICOM Media and Security -- DICOM Media: Files, Folders, and DICOMDIRs -- DICOM Security -- Incompatibility of Compatible -- Advanced Topics -- DICOM and Teleradiology -- Standards and System Integration in Digital Medicine -- Disaster PACS Planning and Management -- DICOM Software Development -- DICOM Implementation Plans -- DICOM FAQs.
|
| 650 |
|
0 |
|a Medicine.
|
| 650 |
|
0 |
|a Health informatics.
|
| 650 |
|
0 |
|a Radiology.
|
| 650 |
|
0 |
|a Computer organization.
|
| 650 |
|
0 |
|a Computer science
|x Mathematics.
|
| 650 |
|
0 |
|a Computers.
|
| 650 |
|
0 |
|a Computer graphics.
|
| 650 |
1 |
4 |
|a Medicine & Public Health.
|
| 650 |
2 |
4 |
|a Imaging / Radiology.
|
| 650 |
2 |
4 |
|a Health Informatics.
|
| 650 |
2 |
4 |
|a Computer Imaging, Vision, Pattern Recognition and Graphics.
|
| 650 |
2 |
4 |
|a Computer Systems Organization and Communication Networks.
|
| 650 |
2 |
4 |
|a Mathematics of Computing.
|
| 650 |
2 |
4 |
|a Information Systems and Communication Service.
|
| 710 |
2 |
|
|a SpringerLink (Online service)
|
| 773 |
0 |
|
|t Springer eBooks
|
| 776 |
0 |
8 |
|i Printed edition:
|z 9783540745709
|
| 856 |
4 |
0 |
|u http://dx.doi.org/10.1007/978-3-540-74571-6
|z Full Text via HEAL-Link
|
| 912 |
|
|
|a ZDB-2-SME
|
| 950 |
|
|
|a Medicine (Springer-11650)
|